000 00672nam a2200241 i 4500
001 C2-0316366
003 PPAK
005 20180728112350.0
008 120724s2010 nyua|||| ||||| | eng d
020 _a9780810996038
040 _aPPAK
_beng
_cPPAK
_erda
082 0 4 _a646.404
_223
090 0 0 _a646.404
_bDOM
_dR
100 1 _aDomesek, Erica,
_eauthor
245 1 0 _aP.S. - I made this
264 1 _aNew York :
_bAbrams ,
_c2010
300 _a176 pages :
_bcolour illustrations ;
_c22 cm
336 _2rdacontent
_atext
337 _2rdamedia
_aunmediated
338 _2rdacarrier
_avolume
650 1 0 _aClothing and dress. ; Dress accessories.
942 _ddc
_cB
999 _c117502
_d117502